000 00392nam a2200169Ia 4500
001 18985
003 IN-NITTTR
005 20251114233220.0
008 251113s9999||||xx |||||||||||||| ||eng||
040 _beng
040 _cIN-NITTTR
041 _aeng
082 _a621.385 D262I
100 _aDas, P. N.
245 3 _aAn introduction to manual telephony. /
_cDas, P. N.
942 _2ddc
_cBK
999 _c21619
_d21619